Belediye başkanları albümü (Record no. 2087)

MARC details
000 -BAŞLIK
Sabit Uzunlukta Kontrol Alanı 00753na a2200253 4500
001 - KONTROL NUMARASI
Denetim Alanı 19036
003 - KONTROL NUMARASI IDENTIFIER
Denetim Alanı MIRAKIL
005 - SON İŞLEM TARİHİ VE ZAMANI
Denetim Alanı 20181213154845.0
008 - SABİT-BOY VERİ ELEMANLARI - GENEL BİLGİLER
Sabit Uzunlukta Kontrol Alanı 161207b tu 000 0
035 ## - SİSTEM KONTROL NUMARASI
Sistem Kontrol Numarası 19036
040 ## - KATALOGLAMA KAYNAK
Orijinal Kataloglama Ajansı Milas
Kataloglama Dili tur
Metne Dönüştürmek Ajansı TR-AnCHP
041 ## - DİL KODU
Metin / Ses Parça Veya Ayrı Başlığın Dil Kodu tur
082 ## - DEWEY ONLU SINIFLANDIRMA NUMARASI
Sınıflandırma Numarası 352.008
Ürün Numarası T96 1991
090 ## - SINIFLAMA NUMARASI
Sınıflama Numarası 352.008 T96 1991
110 ## - ANA GİRİŞ - KURUMSAL ADI
Giriş Elemanı Olarak Kurumsal Ad Veya Yargı Alanı Adı Türk Belediyecilik Derneği
245 ## - BAŞLIK TABLOSU
Başlık Belediye başkanları albümü
Sorumluluk Tablosu, Vb Türk Belediyecilik Derneği
260 ## - YAYIN, DAĞITIM, VB
Yayın, Dağıtım, Vb Yeri Ankara
Yayıncı, Dağıtıcı, Vs Adı Türk Belediyecilik Derneği
Yayın, Dağıtım, Vb Tarihi 1991
300 ## - FİZİKSEL TANIM
Kapsam 376 s.
Diğer Fiziksel Ayrıntıları res.
Boyutlar 27 sm.
490 ## - SERİSİ TABLOSU
Seri Beyanı Türk Belediyecilik Derneği Yayınları
Hacim / Ardışık Tanımı 51
650 ## - KONU KATMA GİRİŞ - TOPİKAL DÖNEM
Topikal Süreli Veya Coğrafi Ad Giriş Elemanı Yerel yönetimler
Coğrafi Alt Bölümü Türkiye
650 ## - KONU KATMA GİRİŞ - TOPİKAL DÖNEM
Topikal Süreli Veya Coğrafi Ad Giriş Elemanı Belediyeler
Coğrafi Alt Bölümü Türkiye
650 ## - KONU KATMA GİRİŞ - TOPİKAL DÖNEM
Topikal Süreli Veya Coğrafi Ad Giriş Elemanı Belediye başkanları
Coğrafi Alt Bölümü Türkiye
942 ## - EKLENDİ GİRİŞ ELEMANLARI (KOHA)
Sınıflandırma Veya Raf Düzeni Kaynak Dewey Decimal Classification
Koha Öğesi Türü Books
999 ## - SİSTEM KONTROL NUMARALARI (KOHA)
Koha Biblionumber 2087
Koha Biblioitemnumber 2087
Holdings
Kalıcı Konum Mevcut Konum Edinme Tarihi Edinim Kaynak Toplam Check-Out'Lar Tam Çağrı Numarası Barkod Tarih Son Görülme İtibaren Geçerli Fiyatlar Koha Öğesi Türü
CHP Kütüphanesi CHP Kütüphanesi 12/07/2016 Bağış   352.008 T96 1991 010557 12/07/2016 12/07/2016 Books